Online
Catalog

Pedro Claver, el santo de los esclavos / (Record no. 24629)

MARC details
000 -CABECERA
campo de control de longitud fija 00666nam a2200217 a 4500
001 - NÚMERO DE CONTROL
campo de control 000025136
005 - FECHA Y HORA DE LA ÚLTIMA TRANSACCIÓN
campo de control 20200930023600.0
008 - DATOS DE LONGITUD FIJA--INFORMACIÓN GENERAL
campo de control de longitud fija 110208s1968 ve r 000 | spa d
040 ## - FUENTE DE LA CATALOGACIÓN
Centro catalogador/agencia de origen DO-SdBNP
Lengua de catalogación spa
Centro/agencia transcriptor BNPHU
082 ## - NÚMERO DE LA CLASIFICACIÓN DECIMAL DEWEY
Número de clasificación xxx
Número de documento/Ítem C617P
049 ## - FONDOS LOCALES (OCLC)
Fondos de biblioteca BNGR
100 1# - ENTRADA PRINCIPAL--NOMBRE DE PERSONA
Nombre de persona Picón Salas, Mariano
9 (RLIN) 27923
245 10 - MENCIÓN DE TÍTULO
Título Pedro Claver, el santo de los esclavos /
Mención de responsabilidad, etc. Mariano Picón Salas; ilustración Mariano Díaz.
260 ## - PUBLICACIÓN, DISTRIBUCIÓN, ETC.
Lugar de publicación, distribución, etc. Caracas :
Nombre del editor, distribuidor, etc. Monte Avila,
Fecha de publicación, distribución, etc. 1968.
300 ## - DESCRIPCIÓN FÍSICA
Extensión 204 p. ;
Dimensiones 22 cm.
490 1# - MENCIÓN DE SERIE
Mención de serie Biblioteca Popular
490 ## - MENCIÓN DE SERIE
Mención de serie El Dorado
Designación de volumen o secuencia 25
700 1# - PUNTO DE ACCESO ADICIONAL--NOMBRE DE PERSONA
Nombre de persona Díaz, Mariano,
Término indicativo de función/relación il.
9 (RLIN) 19298
830 #3 - PUNTO DE ACCESO ADICIONAL DE SERIE-TÍTULO UNIFORME
Título uniforme El Dorado ,
Designación de volumen o secuencia 25
9 (RLIN) 29127
830 #0 - PUNTO DE ACCESO ADICIONAL DE SERIE-TÍTULO UNIFORME
Título uniforme Biblioteca Popular
9 (RLIN) 5517
Holdings
Estado de retiro Estado de pérdida Restricciones de uso No para préstamo Código de colección Localización permanente Ubicación/localización actual Ubicación en estantería Fecha de adquisición Número de inventario Total de préstamos Signatura topográfica completa Código de barras Fecha visto por última vez Precio válido a partir de Tipo de ítem Koha
      Excluido de préstamo Monografías: Libros y Folletos General General En catalogación 10.02.2011 LF1   xxx C617P 25136-10 25.06.2020 25.06.2020 No se presta

Powered by Koha